00361nam a22001337a 450000500170000000800410001702000150005804000130007308200240008610000180011024500580012826000300018630000110021620171028110034.0150314b xxu||||| |||| 00| 0 eng d a9698380442 cPK-LaUMT aKHC 954.0359bGHU-P aGhulam Kibria aPre-Independence Indian Muslim mindsetcGhulam Kibria aKarachibCity Pressc2001 a250 p.